000 00267nam a22001217a 4500
008 181101b xxu||||| |||| 00| 0 eng d
041 _aeng
080 _a617
100 _a8
101 _aORT
245 _aThe Nurse Orthopedic Surgery
_cPatt.B
942 _2udc
_cBK
999 _c51381
_d51381